[Event "G7 Gruppe 1 2011"]
[Site "Odense"]
[Date "2011.04.24"]
[Round "6"]
[White "Haubro, Sigfred"]
[Black "Mortensen, Henrik"]
[Result "1-0"]
[WhiteElo "2101"]
[BlackElo "2021"]
[PlyCount "75"]
[EventDate "2011.??.??"]


1. e4 c5 2. Nf3 Nc6 3. Be2 e5 4. O-O g6 5. d3 Bg7 6. Nc3 Nge7 7. Be3 d6 8. Qd2
O-O 9. Ne1 Nd4 10. f4 f5 11. Rb1 Be6 12. Nf3 Nxe2+ 13. Qxe2 Nc6 14. fxe5 Nxe5
15. Nxe5 Bxe5 16. Bf4 Bd4+ 17. Kh1 Qd7 18. Qe1 b5 19. Qg3 d5 20. e5 c4 21. Ne2
Bb6 22. d4 Rae8 23. c3 Bd8 24. Bh6 Rf7 25. h4 Kh8 26. Nf4 Rg8 27. Bg5 Bxg5 28.
hxg5 Kg7 29. Kg1 Kf8 30. b3 cxb3 31. Rxb3 Ke7 32. Rfb1 a6 33. a4 Rb8 34. axb5
Rxb5 35. Rxb5 axb5 36. Qd3 Rf8 37. Rxb5 Rc8 38. Rb6 1-0

[Event "G7 Gruppe 1 2011"]
[Site "Odense"]
[Date "2011.04.24"]
[Round "6"]
[White "Andersen, Rune Egede"]
[Black "Christiansen, Jens Jorgen"]
[Result "0-1"]
[WhiteElo "2026"]
[BlackElo "2058"]
[PlyCount "66"]
[EventDate "2011.??.??"]


1. e4 d5 2. exd5 Qxd5 3. Nf3 Nf6 4. d4 c6 5. Be2 Bf5 6. c4 Qd6 7. Nc3 e6 8. Nh4
Bg6 9. Be3 Nbd7 10. Rc1 Be7 11. O-O Ng4 12. Bxg4 Bxh4 13. g3 Bf6 14. c5 Qe7 15.
Bf4 h5 16. Bd6 Qd8 17. Bxe6 fxe6 18. Re1 Kf7 19. Rxe6 Re8 20. Rxe8 Qxe8 21.
Qb3+ Qe6 22. Qxb7 Re8 23. Qxc6 Bxd4 24. Qf3+ Nf6 25. Nb5 Bxb2 26. Nc7 Qe1+ 27.
Kg2 Be4 28. Rxe1 Bxf3+ 29. Kf1 Bg2+ 30. Kxg2 Rxe1 31. Nb5 a6 32. Nc7 a5 33. Nb5
Rc1 0-1

[Event "G7 Gruppe 1 2011"]
[Site "Odense"]
[Date "2011.04.24"]
[Round "6"]
[White "Vesterli, Michael E"]
[Black "Willumsen, Niels Henrik"]
[Result "0-1"]
[WhiteElo "1908"]
[BlackElo "2152"]
[PlyCount "72"]
[EventDate "2011.??.??"]


1. d4 d5 2. c4 c6 3. Nc3 Nf6 4. Nf3 e6 5. Bg5 dxc4 6. e4 b5 7. e5 h6 8. Bh4 g5
9. Nxg5 hxg5 10. Bxg5 Nbd7 11. exf6 Bb7 12. Qf3 Qa5 13. Bd2 Bh6 14. O-O-O Bxd2+
15. Rxd2 O-O-O 16. Ne4 Nb6 17. Qg3 Qxa2 18. Nd6+ Rxd6 19. Qxd6 Qa1+ 20. Kc2 Na4
21. Qa3 Qe1 22. Re2 Qa5 23. Qe7 b4 24. Qxf7 b3+ 25. Kc1 Nc5 26. dxc5 Rd8 27.
Qxe6+ Kb8 28. Qd6+ Rxd6 29. cxd6 Qa1+ 30. Kd2 Qxb2+ 31. Kd1 Qxf6 32. Re8+ Bc8
33. Bxc4 Qd4+ 34. Ke1 Qc3+ 35. Kd1 Qxc4 36. Rd8 Qc2+ 0-1

[Event "G7 Gruppe 1 2011"]
[Site "Odense"]
[Date "2011.04.24"]
[Round "6"]
[White "Skytte, Torill"]
[Black "Bjerre, Lars Gronborg"]
[Result "1/2-1/2"]
[WhiteElo "2016"]
[BlackElo "2004"]
[PlyCount "25"]
[EventDate "2011.??.??"]


1. d4 Nf6 2. Nf3 g6 3. Bf4 d6 4. h3 Bg7 5. e3 O-O 6. Be2 c5 7. c3 Be6 8. O-O
Qb6 9. Qc1 Nc6 10. Nbd2 cxd4 11. exd4 Rac8 12. Re1 Nb4 13. a3 1/2-1/2

[Event "G7 Gruppe 1 2011"]
[Site "Odense"]
[Date "2011.04.24"]
[Round "6"]
[White "Aagaard, Gert"]
[Black "Bruun, Henrik Emil"]
[Result "0-1"]
[WhiteElo "1964"]
[BlackElo "1965"]
[PlyCount "68"]
[EventDate "2011.??.??"]


1. e4 e5 2. Nf3 Nc6 3. d4 exd4 4. Nxd4 Nxd4 5. Qxd4 d6 6. Nc3 Nf6 7. Bg5 Be7 8.
O-O-O O-O 9. f3 Be6 10. g4 a6 11. h4 b5 12. Nd5 Nxd5 13. exd5 Bd7 14. Bd3 f5
15. gxf5 Bxg5+ 16. hxg5 Qxg5+ 17. Kb1 Qf6 18. Qe3 Rfe8 19. Qf4 Re5 20. Rdg1 Rf8
21. Qh2 Bxf5 22. f4 Re7 23. Bxf5 Qxf5 24. Qh4 Re2 25. Ka1 Qxc2 26. Rb1 Rf6 27.
Rhc1 Rh2 28. Qe1 Qe2 29. Qa5 Qd2 30. Qxa6 Qxd5 31. Qc8+ Rf8 32. Qxc7 Ra8 33. a3
Rxa3+ 34. bxa3 Ra2# 0-1

[Event "G7 Gruppe 1 2011"]
[Site "Odense"]
[Date "2011.04.24"]
[Round "6"]
[White "Rossen, Claus"]
[Black "Nielsen, Klaus"]
[Result "0-1"]
[WhiteElo "2152"]
[BlackElo "2035"]
[PlyCount "114"]
[EventDate "2011.??.??"]


1. e4 c5 2. Nf3 Nc6 3. d4 cxd4 4. Nxd4 g6 5. Nc3 Bg7 6. Be3 Nf6 7. Bc4 O-O 8.
f3 Qb6 9. Qd2 Nxe4 10. fxe4 Bxd4 11. Bxd4 Qxd4 12. Qxd4 Nxd4 13. O-O-O Nc6 14.
Nd5 d6 15. Bb5 Bg4 16. Rd2 Rae8 17. h3 Bd7 18. g4 a6 19. Ba4 Ne5 20. Bxd7 Nxd7
21. h4 h6 22. g5 h5 23. Rh3 f6 24. Nc7 Rc8 25. Ne6 Rf7 26. Rb3 b5 27. a4 fxg5
28. axb5 axb5 29. Nxg5 Rf1+ 30. Rd1 Rxd1+ 31. Kxd1 Rc5 32. Ra3 Re5 33. Kd2 Nc5
34. Ke3 Ne6 35. Nf3 Rc5 36. c3 Rc7 37. Ra8+ Kf7 38. Rb8 Rc5 39. Nd4 Nxd4 40.
cxd4 Rc2 41. Rxb5 Rh2 42. b4 Rh3+ 43. Kd2 Rxh4 44. Kd3 Rh1 45. Rb8 h4 46. b5 g5
47. b6 Rb1 48. Kc2 Rb5 49. b7 Kg7 50. Kc3 g4 51. Kc4 Rb1 52. e5 h3 53. exd6
exd6 54. Rd8 h2 55. Rd7+ Kf6 56. Rh7 g3 57. Kd5 Rxb7 0-1

[Event "G7 Gruppe 1 2011"]
[Site "Odense"]
[Date "2011.04.24"]
[Round "6"]
[White "Jensen, Leif"]
[Black "Pedersen, Niels"]
[Result "1-0"]
[WhiteElo "1947"]
[BlackElo "1885"]
[PlyCount "89"]
[EventDate "2011.??.??"]


1. e4 e5 2. Nc3 Nf6 3. f4 d6 4. Nf3 Bg4 5. h3 Bxf3 6. Qxf3 Nbd7 7. Bc4 c6 8. d3
Qb6 9. g4 exf4 10. Bxf4 Qxb2 11. Kd2 b5 12. Rhb1 Qa3 13. Bxb5 cxb5 14. e5 Rc8
15. Rb3 Qc5 16. exf6 b4 17. Qe4+ Ne5 18. Bxe5 dxe5 19. Ne2 Qxc2+ 20. Ke1 gxf6
21. Rc1 Qxc1+ 22. Nxc1 Rxc1+ 23. Kd2 Bh6+ 24. Ke2 O-O 25. Rxb4 Rc2+ 26. Kf3
Rxa2 27. Qd5 Rh2 28. Kg3 Re2 29. h4 Bf4+ 30. Kf3 Re3+ 31. Kf2 Rh3 32. h5 Rc8
33. Kg2 Rg3+ 34. Kf2 Rc2+ 35. Kf1 Be3 36. Rb8+ Kg7 37. h6+ Bxh6 38. Rb7 Kg6 39.
Qxf7+ Kg5 40. Qh5+ Kf4 41. Qf5+ Ke3 42. Qe4+ Kd2 43. Qe1+ Kxd3 44. Qxg3+ Kd4
45. Rd7+ 1-0

[Event "G7 Gruppe 1 2011"]
[Site "Odense"]
[Date "2011.04.24"]
[Round "6"]
[White "Karstensen, Christian"]
[Black "Ostergaard, Rasmus"]
[Result "0-1"]
[WhiteElo "1922"]
[BlackElo "2085"]
[PlyCount "199"]
[EventDate "2011.??.??"]


1. e4 e5 2. Nf3 Nc6 3. Bb5 a6 4. Ba4 Nf6 5. O-O Be7 6. Re1 b5 7. Bb3 d6 8. c3
O-O 9. d3 Na5 10. Bc2 c5 11. Nbd2 Qc7 12. Nf1 Bb7 13. Ng3 g6 14. Ng5 d5 15. Qe2
Rfe8 16. Bd2 Rad8 17. Rad1 Nc6 18. Rf1 dxe4 19. dxe4 Bd6 20. Be3 Bc8 21. Rd2
Ng4 22. h3 Nxe3 23. fxe3 Rf8 24. a4 f6 25. Nf3 c4 26. axb5 axb5 27. b4 Be6 28.
Ra1 Qb6 29. Nf1 Be7 30. Rxd8 Rxd8 31. N1d2 Qb7 32. Kf2 Bd6 33. Kg1 Bc7 34. Kf2
Bb6 35. Nf1 Rd6 36. Rd1 Qd7 37. Rxd6 Qxd6 38. Qd2 Qe7 39. Ng3 Na7 40. Ke2 Nc8
41. Kf2 Nd6 42. Ke2 Qc7 43. Qd1 Qc6 44. Qd2 Kf8 45. Qd1 Ke8 46. Qd2 Kd8 47. Qd1
Kc8 48. Qd2 Kb8 49. Qd1 Nc8 50. Qd2 Qd6 51. Qxd6+ Nxd6 52. Kd2 Bd7 53. Ke2 Bc6
54. Kd2 Kc7 55. Ke2 Kd7 56. Kd2 Ke6 57. Ke2 Bd8 58. Nd2 Be7 59. Kf2 Bf8 60. Ke2
Bh6 61. Bb1 Bg5 62. Bc2 Bh4 63. Ngf1 f5 64. exf5+ gxf5 65. g3 Bf6 66. Kf2 e4
67. Nb1 Nc8 68. Bd1 Nb6 69. Ke2 Nd5 70. Kd2 Be5 71. Be2 Be8 72. Bd1 Kf6 73. Be2
Kg5 74. Kc2 Bh5 75. Bxh5 Kxh5 76. Na3 Nxc3 77. Kd2 Kg5 78. Ke1 h5 79. Kd2 h4
80. Kc2 hxg3 81. Nxg3 Nd5 82. Ne2 Nxe3+ 83. Kd2 Nd5 84. Nxb5 Nxb4 85. Na3 c3+
86. Nxc3 Bxc3+ 87. Kxc3 Nd5+ 88. Kd4 Nf4 89. Nc4 Nxh3 90. Ke3 Kg4 91. Nd2 Ng5
92. Nf1 f4+ 93. Kf2 Kf5 94. Ke2 Ke5 95. Kd2 Kd4 96. Ke2 e3 97. Nh2 Ke4 98. Kf1
f3 99. Ke1 Kd3 100. Ng4 0-1

[Event "G7 Gruppe 1 2011"]
[Site "Odense"]
[Date "2011.04.24"]
[Round "6"]
[White "Christensen, Esben"]
[Black "Schoning, Lars"]
[Result "1-0"]
[WhiteElo "2009"]
[BlackElo "1927"]
[PlyCount "47"]
[EventDate "2011.??.??"]


1. e4 c5 2. Nf3 d6 3. d4 cxd4 4. Nxd4 Nf6 5. Nc3 a6 6. Be2 e6 7. Be3 Be7 8. O-O
O-O 9. f4 Nc6 10. Bf3 Qc7 11. Qe1 Nd7 12. Rd1 Nxd4 13. Bxd4 Bf6 14. Qf2 Be7 15.
Kh1 b5 16. e5 d5 17. Bxd5 exd5 18. Nxd5 Qd8 19. Bb6 Nxb6 20. Nxb6 Qc7 21. Nxa8
Qc6 22. Qf3 Qxc2 23. Nb6 Qg6 24. Nxc8 1-0

[Event "G7 Gruppe 1 2011"]
[Site "Odense"]
[Date "2011.04.25"]
[Round "7"]
[White "Hansen, Martin Strandby"]
[Black "Haubro, Sigfred"]
[Result "1-0"]
[WhiteElo "2106"]
[BlackElo "2101"]
[PlyCount "81"]
[EventDate "2011.??.??"]


1. d4 f5 2. Nf3 Nf6 3. c4 e6 4. Nc3 Bb4 5. Qc2 O-O 6. Bf4 b6 7. e3 Bb7 8. Bd3
d6 9. O-O-O Bxc3 10. Qxc3 Nbd7 11. Rhg1 b5 12. cxb5 Nb6 13. Bg5 a6 14. bxa6
Bxa6 15. Qb3 Qe8 16. Bxa6 Rxa6 17. Bxf6 Rxf6 18. Nd2 Nd5 19. Nc4 Qc6 20. Kb1
Rf8 21. Rc1 Qa8 22. a3 Rb8 23. Qd3 Nf6 24. Ka2 Nd5 25. Kb1 Ra7 26. g4 Rab7 27.
gxf5 Rb3 28. Qd2 Nf6 29. Ka2 d5 30. Ne5 Qb7 31. Rc2 Ne4 32. Qc1 exf5 33. Rxg7+
Kxg7 34. Rxc7+ Qxc7 35. Qxc7+ Kh6 36. Nd3 R3b7 37. Qc6+ Kg7 38. b4 Rf7 39. f3
Nf6 40. Nf4 Rd7 41. Nh5+ 1-0

[Event "G7 Gruppe 1 2011"]
[Site "Odense"]
[Date "2011.04.25"]
[Round "7"]
[White "Andersen, Rune"]
[Black "Paaske, Asger"]
[Result "0-1"]
[WhiteElo "2097"]
[BlackElo "2042"]
[PlyCount "84"]
[EventDate "2011.??.??"]


1. d4 Nf6 2. Nf3 g6 3. Bg5 Bg7 4. Nbd2 d5 5. e3 O-O 6. Bd3 b6 7. Qe2 Bb7 8. Ne5
Ne4 9. Bf4 Nxd2 10. Qxd2 f6 11. Nf3 Nd7 12. O-O e5 13. dxe5 fxe5 14. Bg5 Qe8
15. Be2 Nc5 16. Qd1 Ne6 17. Bh4 c5 18. c3 Kh8 19. Rb1 e4 20. Nd2 c4 21. Qc2 b5
22. Kh1 Nc5 23. Rbe1 a5 24. a3 Bc6 25. Bg3 Nd3 26. Bxd3 exd3 27. Qd1 b4 28.
axb4 axb4 29. Qc1 bxc3 30. bxc3 Ra2 31. Nb1 Qd7 32. Rd1 Ba4 33. Rde1 Bc2 34. e4
d4 35. cxd4 Bxd4 36. Qg5 Bxb1 37. Rxb1 c3 38. Be5+ Bxe5 39. Qxe5+ Qg7 40. Qd5
Rd2 41. Rb7 Qf6 42. e5 Qxf2 0-1

[Event "G7 Gruppe 1 2011"]
[Site "Odense"]
[Date "2011.04.25"]
[Round "7"]
[White "Christiansen, Jens Jorgen"]
[Black "Jensen, Morten Frank"]
[Result "1-0"]
[WhiteElo "2058"]
[BlackElo "1997"]
[PlyCount "91"]
[EventDate "2011.??.??"]


1. d4 Nc6 2. Nf3 d6 3. g3 Nf6 4. Bg2 Bg4 5. d5 Nb8 6. c4 g6 7. Nc3 Bg7 8. h3
Bd7 9. O-O Qc8 10. Kh2 O-O 11. e4 c6 12. Qe2 Na6 13. Be3 Nc5 14. e5 Nfe4 15.
Nxe4 Nxe4 16. Bf4 dxe5 17. Bxe5 Nf6 18. Rac1 Re8 19. Rfd1 b6 20. Nd4 c5 21. Nc2
Bg4 22. f3 Bd7 23. Ne3 Qa6 24. f4 Rac8 25. b3 e6 26. Qb2 Nh5 27. Bxg7 Nxg7 28.
Ng4 Red8 29. Nh6+ Kf8 30. Qf6 Be8 31. d6 Rd7 32. a4 Qa5 33. Rd3 b5 34. axb5 Qd8
35. Qxd8 Rdxd8 36. g4 f5 37. Ra1 Bd7 38. Rxa7 Ne8 39. Bc6 Nf6 40. g5 Bxc6 41.
Rf7+ Ke8 42. bxc6 Rxc6 43. Re7+ Kf8 44. gxf6 Rcxd6 45. Rxd6 Rxd6 46. Rc7 1-0

[Event "G7 Gruppe 1 2011"]
[Site "Odense"]
[Date "2011.04.25"]
[Round "7"]
[White "Molvig, Henrik"]
[Black "Bruun, Henrik Emil"]
[Result "1-0"]
[WhiteElo "2167"]
[BlackElo "1965"]
[PlyCount "81"]
[EventDate "2011.??.??"]


1. d4 Nf6 2. c4 g6 3. Nc3 Bg7 4. e4 d6 5. Nf3 O-O 6. Be2 e5 7. O-O Nc6 8. d5
Ne7 9. Ne1 Ne8 10. Be3 f5 11. f3 f4 12. Bf2 g5 13. c5 h5 14. a4 Rf7 15. a5 Bf8
16. cxd6 cxd6 17. Nb5 Bd7 18. b4 Nc8 19. Rc1 Rg7 20. Qc2 g4 21. Nc7 g3 22. Nxa8
Qh4 23. Bxg3 fxg3 24. h3 Bxh3 25. gxh3 Qxh3 26. Bb5 g2 27. Nxg2 Nf6 28. Rf2 Ne7
29. Nc7 Rg3 30. Ne8 Nh7 31. Nxd6 Ng5 32. Nf5 Nxf5 33. exf5 Qh4 34. Kf1 Qh3 35.
f6 Nxf3 36. Rxf3 Qh1+ 37. Ke2 Qxg2+ 38. Rf2 Qh3 39. f7+ Kg7 40. Qe4 Rg5 41. Bd3
1-0

[Event "G7 Gruppe 1 2011"]
[Site "Odense"]
[Date "2011.04.25"]
[Round "7"]
[White "Willumsen, Niels Henrik"]
[Black "Grubert, Christian"]
[Result "1-0"]
[WhiteElo "2152"]
[BlackElo "2057"]
[PlyCount "85"]
[EventDate "2011.??.??"]


1. e4 c5 2. Nf3 g6 3. d4 cxd4 4. Bc4 Bg7 5. O-O d6 6. c3 Nf6 7. e5 dxe5 8. Nxe5
O-O 9. cxd4 Nc6 10. Qb3 e6 11. Rd1 Na5 12. Qb4 Nxc4 13. Qxc4 b6 14. Nc3 Bb7 15.
Bg5 Qd6 16. Rac1 Rac8 17. Qa4 a6 18. Bxf6 Bxf6 19. Nd7 Bg5 20. Nxf8 Bxc1 21.
Nxh7 Bxb2 22. Nf6+ Kg7 23. Nce4 Qc6 24. Qb3 Qc2 25. Ne8+ Kf8 26. Qb4+ Rc5 27.
Re1 Bc3 28. Qxb6 Rc6 29. Qd8 Ba5 30. Nc7+ Kg7 31. Qf6+ Kg8 32. Qd8+ Kg7 33.
Qf6+ Kg8 34. Ne8 Kf8 35. N8d6 Rxd6 36. Nxd6 Qc7 37. Rb1 Bb4 38. Qh8+ Ke7 39.
Nxb7 Qxb7 40. Qh4+ Ke8 41. a3 Qe7 42. Qh8+ Qf8 43. Rxb4 1-0

[Event "G7 Gruppe 1 2011"]
[Site "Odense"]
[Date "2011.04.25"]
[Round "7"]
[White "Nielsen, Klaus"]
[Black "Bjerre, Lars Gronborg"]
[Result "1/2-1/2"]
[WhiteElo "2035"]
[BlackElo "2004"]
[PlyCount "93"]
[EventDate "2011.??.??"]


1. d4 g6 2. e4 Bg7 3. Nc3 c5 4. Be3 cxd4 5. Bxd4 Bxd4 6. Qxd4 Nf6 7. O-O-O Qa5
8. f4 Nc6 9. Qe3 d6 10. h3 Be6 11. a3 O-O 12. g4 d5 13. Nf3 dxe4 14. Nxe4 Nxe4
15. Qxe4 Rad8 16. Bc4 Bxc4 17. Qxc4 Qb6 18. Qe4 Rxd1+ 19. Rxd1 Rd8 20. Rxd8+
Qxd8 21. f5 Qd6 22. h4 Qf6 23. c3 e6 24. fxe6 Qxe6 25. Qf4 Kg7 26. Ng5 Qe1+ 27.
Kc2 Qe2+ 28. Kb1 Qe7 29. h5 h6 30. Ne4 Qe5 31. Qf3 b6 32. Ng3 Qe1+ 33. Ka2 Ne5
34. Qf4 Nd3 35. Qd4+ Ne5 36. Ne4 f6 37. hxg6 Kxg6 38. Qd5 Nxg4 39. Qg8+ Kf5 40.
Nd6+ Kf4 41. Qc4+ Kf3 42. Qd5+ Kg3 43. Nf5+ Kf4 44. Nd4 Qe5 45. Qf3+ Kg5 46.
Qb7 Kg6 47. Qxa7 1/2-1/2

[Event "G7 Gruppe 1 2011"]
[Site "Odense"]
[Date "2011.04.25"]
[Round "7"]
[White "Mortensen, Henrik"]
[Black "Andersen, Rune Egede"]
[Result "1-0"]
[WhiteElo "2021"]
[BlackElo "2026"]
[PlyCount "59"]
[EventDate "2011.??.??"]


1. e4 e6 2. d4 d5 3. Nd2 Be7 4. Ngf3 Nf6 5. e5 Nfd7 6. Bd3 c5 7. c3 Nc6 8. h4
cxd4 9. cxd4 Qb6 10. Nb3 a5 11. a4 Bb4+ 12. Kf1 f6 13. Qc2 Be7 14. Bxh7 Rxh7
15. Qxh7 Qxb3 16. Be3 Bf8 17. Qg6+ Kd8 18. exf6 gxf6 19. h5 Ne7 20. Qf7 Qd3+
21. Kg1 Qf5 22. Nh4 Qe4 23. Ng6 Nf5 24. Nxf8 Ra6 25. Rh3 Nxd4 26. Bxd4 Qxd4 27.
Nxe6+ Rxe6 28. Qxe6 Ne5 29. Qxf6+ Kd7 30. Re3 1-0

[Event "G7 Gruppe 1 2011"]
[Site "Odense"]
[Date "2011.04.25"]
[Round "7"]
[White "Ostergaard, Rasmus"]
[Black "Skytte, Torill"]
[Result "1/2-1/2"]
[WhiteElo "2085"]
[BlackElo "2016"]
[PlyCount "51"]
[EventDate "2011.??.??"]


1. d4 d5 2. c4 e6 3. Nc3 c5 4. cxd5 exd5 5. Nf3 Nc6 6. g3 Nf6 7. Bg2 Be7 8. O-O
O-O 9. Bg5 cxd4 10. Nxd4 Be6 11. Rc1 h6 12. Be3 Qd7 13. Nxc6 bxc6 14. Na4 Bh3
15. Bc5 Rae8 16. Bxe7 Rxe7 17. Nc5 Qf5 18. e3 Bxg2 19. Kxg2 Ng4 20. h3 Ne5 21.
Qe2 Rfe8 22. Rfd1 Qf6 23. b3 Ng6 24. Qd2 Ne5 25. Qe2 Ng6 26. Qd2 1/2-1/2

[Event "G7 Gruppe 1 2011"]
[Site "Odense"]
[Date "2011.04.25"]
[Round "7"]
[White "Vesterli, Michael E"]
[Black "Christensen, Esben"]
[Result "1-0"]
[WhiteElo "1908"]
[BlackElo "2009"]
[PlyCount "65"]
[EventDate "2011.??.??"]


1. d4 Nf6 2. c4 c5 3. d5 b5 4. cxb5 a6 5. b6 g6 6. Nc3 d6 7. e4 Bg7 8. Nf3 O-O
9. Be2 Nbd7 10. a4 a5 11. O-O Nxb6 12. Bg5 Ba6 13. Bxa6 Rxa6 14. Qc2 Qd7 15.
Nb5 Rc8 16. Nd2 Ne8 17. Rac1 Nc7 18. Nxc7 Rxc7 19. b3 Ra8 20. f4 Rac8 21. f5
gxf5 22. Rxf5 e6 23. Rf3 exd5 24. Bf6 Kh8 25. Rh3 h6 26. e5 Qg4 27. Rxh6+ Kg8
28. Qh7+ Kf8 29. h3 Qd4+ 30. Kh1 Bxf6 31. exf6 Ke8 32. Qf5 Nd7 33. Re1+ 1-0

[Event "G7 Gruppe 1 2011"]
[Site "Odense"]
[Date "2011.04.25"]
[Round "7"]
[White "Jensen, Leif"]
[Black "Rossen, Claus"]
[Result "1-0"]
[WhiteElo "1947"]
[BlackElo "2152"]
[PlyCount "75"]
[EventDate "2011.??.??"]


1. e4 c5 2. g3 d5 3. d3 e5 4. Bg2 Be6 5. exd5 Bxd5 6. Bxd5 Qxd5 7. Qf3 Qd7 8.
Ne2 Nc6 9. a3 f5 10. Nbc3 Nf6 11. Bg5 Be7 12. Bxf6 Bxf6 13. Qd5 Nd4 14. Qxd7+
Kxd7 15. Nxd4 cxd4 16. Ne2 Rac8 17. Kd1 g5 18. f3 h5 19. Kd2 Rc6 20. Rhf1 Rhc8
21. Rac1 g4 22. f4 e4 23. c4 a5 24. b3 b5 25. cxb5 e3+ 26. Kd1 Rxc1+ 27. Nxc1
Rc3 28. Re1 Be7 29. Re2 Bxa3 30. Na2 Rxd3+ 31. Kc2 Rd2+ 32. Rxd2 exd2 33. Kxd2
h4 34. Kd3 Kd6 35. b6 Bc5 36. b7 Ba7 37. Nc1 hxg3 38. hxg3 1-0

[Event "G7 Gruppe 1 2011"]
[Site "Odense"]
[Date "2011.04.25"]
[Round "7"]
[White "Pedersen, Niels"]
[Black "Karstensen, Christian"]
[Result "1/2-1/2"]
[WhiteElo "1885"]
[BlackElo "1922"]
[PlyCount "108"]
[EventDate "2011.??.??"]


1. e4 c5 2. Nf3 d6 3. d4 cxd4 4. Nxd4 Nf6 5. Nc3 a6 6. Be2 e5 7. Nb3 Be7 8. Be3
Be6 9. Qd2 Nbd7 10. f3 Qc7 11. O-O-O b5 12. g4 b4 13. Nd5 Bxd5 14. exd5 Nb6 15.
Qxb4 Nfxd5 16. Rxd5 Nxd5 17. Qe4 Rc8 18. Bxa6 Nxe3 19. Bxc8 O-O 20. Ba6 Bg5 21.
Kb1 d5 22. Qd3 Ra8 23. Bb5 Rb8 24. a4 Rc8 25. c3 Qd6 26. Re1 Ng2 27. Qf5 Rd8
28. Rxe5 Bf6 29. Re2 g6 30. Qc2 Nf4 31. Re8+ Rxe8 32. Bxe8 Ne6 33. Bb5 d4 34.
cxd4 Nxd4 35. Nxd4 Qxd4 36. Bc4 Kg7 37. a5 Qa7 38. a6 Bd4 39. h4 h6 40. Qb3 g5
41. hxg5 hxg5 42. Qb4 Qc5 43. Qxc5 Bxc5 44. b4 Bb6 45. Kc2 Kf6 46. Kd3 Ke7 47.
Ke4 f6 48. Kd5 Kd7 49. Bd3 Kc7 50. Kc4 Kb8 51. Kb5 Ka7 52. Kc6 Bd4 53. Kd5 Be3
54. Ke4 Bf2 1/2-1/2

[Event "G7 Gruppe 1 2011"]
[Site "Odense"]
[Date "2011.04.25"]
[Round "7"]
[White "Schoning, Lars"]
[Black "Aagaard, Gert"]
[Result "0-1"]
[WhiteElo "1927"]
[BlackElo "1964"]
[PlyCount "68"]
[EventDate "2011.??.??"]


1. d4 Nf6 2. c4 e6 3. Nc3 Bb4 4. Qc2 O-O 5. a3 Bxc3+ 6. Qxc3 Ne4 7. Qc2 f5 8.
g3 Nc6 9. Be3 d5 10. f3 Nd6 11. c5 Nb5 12. Rd1 a5 13. a4 Nb4 14. Qd2 Na7 15.
Bg5 Qe8 16. b3 Nac6 17. f4 Nxd4 18. Qc3 Ndc6 19. Nf3 Bd7 20. h4 h6 21. h5 hxg5
22. h6 Qg6 23. fxg5 gxh6 24. Rxh6 Qg7 25. Qd2 Kf7 26. Nh4 Ne7 27. g6+ Ke8 28.
Rh7 Qe5 29. Qg5 Qf6 30. Qxf6 Rxf6 31. Rh8+ Rf8 32. g7 Rg8 33. Ng6 Nbc6 34. Rd4
Nxd4 0-1